Poemas proféticos y prosas
Saved in:
| Hovedforfatter: | |
|---|---|
| Format: | Bog |
| Sprog: | spansk |
| Udgivet: |
Barcelona
Barral
1971
|
| Fag: | |
| Tags: |
Tilføj Tag
Ingen Tags, Vær først til at tagge denne postø!
|
MARC
| LEADER | 00000nam a2200000 a 4500 | ||
|---|---|---|---|
| 001 | UCQ0076 | ||
| 003 | CL-VaPUC | ||
| 008 | 980619e19710000SP |||||||||||||||||spa|d | ||
| 082 | 0 | 4 | |a 821 |b BLA |2 21 |
| 100 | 0 | |a Blake, William |e author |9 265754 | |
| 245 | 1 | 0 | |a Poemas proféticos y prosas |
| 300 | |a 344 p | ||
| 942 | |c BK | ||
| 945 | |d 19980619 00:00:00 |a mvenant | ||
| 260 | |a Barcelona |b Barral |c 1971 | ||
| 650 | 0 | |a Poesías inglesas |9 265094 | |
| 650 | 7 | |a PROSA INGLESA |2 CL-VaPUC |9 319416 | |
| 583 | |a last modification |c 19980619 00:00:00 |k Rodrigo Vera | ||
| 999 | |c 271237 |d 271235 | ||
| 952 | |0 0 |1 0 |4 0 |6 821_000000000000000_BLA_1971 |7 0 |8 A |9 305832 |a BIBARQ |b BIBARQ |d 2019-11-20 |i 3437272 |o 821 BLA 1971 |p 3437272 |r 2025-01-20 |w 2019-11-20 |y BK |k ARQ | ||